अग्निनृत्य ( क.क्र.26/4 ) (Record no. 439425)
[ view plain ]
| 000 -LEADER | |
|---|---|
| fixed length control field | 01118nam a2200169Ia 4500 |
| 008 - FIXED-LENGTH DATA ELEMENTS--GENERAL INFORMATION | |
| fixed length control field | 100122s9999 xx 000 0 und d |
| 082 ## - DEWEY DECIMAL CLASSIFICATION NUMBER | |
| Item number | 67210 |
| Classification number | 821 |
| 100 ## - MAIN ENTRY--PERSONAL NAME | |
| Personal name | सावरकर विनायक दामोदर |
| 245 ## - TITLE STATEMENT | |
| Title | अग्निनृत्य ( क.क्र.26/4 ) |
| 260 ## - PUBLICATION, DISTRIBUTION, ETC. (IMPRINT) | |
| Name of publisher, distributor, etc | स्वा.सावरकर राष्ट्रीय स्मारक समिती |
| Date of publication, distribution, etc | 2005 |
| 300 ## - PHYSICAL DESCRIPTION | |
| Extent | 180 |
| 520 ## - SUMMARY, ETC. | |
| Summary, etc | "स्वदेश, पोवाडे, निसर्ग चित्र, स्तवने, सामाजिक व्यथा, स्वातंत्र्य, क्रांती, बंदिवास, हिंदू, अज्ञेय" |
| 620 ## - | |
| -- | "स्वदेश, पोवाडे, निसर्ग चित्र, स्तवने, सामाजिक व्यथा, स्वातंत्र्य, क्रांती, बंदिवास, हिंदू, अज्ञेय" |
| 630 ## - SUBJECT ADDED ENTRY--UNIFORM TITLE | |
| Uniform title | अग्निनृत्य ( क.क्र.26/4 ) |
| 730 ## - ADDED ENTRY--UNIFORM TITLE | |
| Uniform title | अग्निनृत्य ( क.क्र.26/4 ) |
| 942 ## - ADDED ENTRY ELEMENTS (KOHA) | |
| Koha item type | Book |
| Withdrawn status | Lost status | Damaged status | Not for loan | Home library | Current library | Date acquired | Cost, normal purchase price | Total Checkouts | Full call number | Barcode | Date last seen | Cost, replacement price | Price effective from | Koha item type | Public note |
|---|---|---|---|---|---|---|---|---|---|---|---|---|---|---|---|
| S.V. Pathak Library, Vile Parle | S.V. Pathak Library, Vile Parle | 05/12/2005 | 150.00 | 67210 | SVPPARLE-67210 | 01/25/2010 | 150.00 | 01/25/2010 | Book | General NA |